00926nam a2200241 a 4500001001000000003000500010005001700015008004100032010001100073011001100084040000900095100002800104245017400132260004100306500006000347502007700407650003900484650001800523650001300541650002200554650003800576856007000614000111907CHAP20220329144234.0151013s2015 mx a fsm |||||||spa d a108368 a109340 cCHAP1 aCuevas Coeto, Axayacatl10aContribución a la evaluación de la contribución a la evaluación de la sustentabilidad en un agroecosistema tradicionalh[En línea]cpor Axayacatl Cuevas Coeto. aChapingo, Méx. :bEl autor,c2015. aPara ver el contenido del material haga clic en la liga aTesis (Ing. Agr. Esp. en Fitotecnia) -- UACH. Departamento de Fitotecnia14aAgricultura sustentablezMéxico.14aAgrosistemas.14aCultura.14aDesarrollo rural.14aDesarrollo sustentablexMéxico. aFinding aiduhttp://10.13.5.2/tesis/sist111907.pdfzTeclea aquí